Sages in the epic of Kambaramayanam /
محفوظ في:
| المؤلف الرئيسي: | |
|---|---|
| التنسيق: | أطروحة كتاب |
| اللغة: | English |
| منشور في: |
2012.
|
| الموضوعات: | |
| الوسوم: |
إضافة وسم
لا توجد وسوم, كن أول من يضع وسما على هذه التسجيلة!
|
| LEADER | 01005cam a2200265 a 4500 | ||
|---|---|---|---|
| 001 | u856092 | ||
| 003 | SIRSI | ||
| 005 | 201205091125 | ||
| 008 | 120509s2012 my a t 000 0 eng m | ||
| 040 | |a UMM | ||
| 090 | |a DS404 |b UM 2012 Gan | ||
| 100 | 0 | |a Ganavathy Sivalinggam. | |
| 245 | 1 | 0 | |a Sages in the epic of Kambaramayanam / |c Ganavathy a/l Sivalinggam. |
| 260 | |c 2012. | ||
| 300 | |a xii, 240 leaves : |b ill. ; |c 30 cm. | ||
| 502 | |a Dissertation (M.A.) -- Jabatan Pengajian India, Fakulti Sastera dan Sains Sosial, Universiti Malaya, 2012. | ||
| 504 | |a Bibliography: leaves 233-240. | ||
| 596 | |a 1 | ||
| 650 | 0 | |a Tamil literature |x History and criticism. | |
| 650 | 0 | |a Epic literature, Tamil |x History and criticism. | |
| 650 | 0 | |a Epic literature, Tamil |z India. | |
| 650 | 0 | |a Saints in literature. | |
| 710 | 2 | |a Universiti Malaya. |b Jabatan Pengajian India. | |
| 900 | |a AT-ZA | ||
| 999 | |a DS404 UM 2012 GAN |w LC |c 1 |i A514965321 |d 28/11/2018 |e 28/11/2018 |f 27/2/2013 |g 1 |l STACKS |m P01UTAMA |n 1 |r Y |s Y |t TESIS |u 25/2/2013 | ||
